Política de educación en sexualidad: para el mejoramiento de la calidad de la educación

Guardado en:
Detalles Bibliográficos
Autor Corporativo: Ministerio de Educación (Autor)
Formato: Libro
Lenguaje:español
Publicado: Santiago Ministerio de Educación 2003
Edición:5a. ed
Materias:
Etiquetas: Agregar Etiqueta
Sin Etiquetas, Sea el primero en etiquetar este registro!

MARC

LEADER 00000nam a2200000 a 4500
001 UCK0102
003 CL-VaPUC
008 040915e20030000CL |||||||||||||||||spa|d
082 0 4 |a 372.372  |b MIN  |2 21 
110 2 |a Ministerio de Educación  |e author  |9 488013 
245 1 0 |a Política de educación en sexualidad: para el mejoramiento de la calidad de la educación 
250 |a 5a. ed 
300 |a 54 p 
942 |c BK 
945 |d 20040915 00:00:00  |a vberengu 
260 |a Santiago  |b Ministerio de Educación  |c 2003 
650 0 |a Educación sexual  |9 308005 
650 0 |a Métodos de enseñanza  |9 270413 
650 0 |a Planificación de la educación   |9 307333 
583 |a last modification  |c 20040915 00:00:00  |k Rodrigo Vera 
999 |c 310636  |d 310634 
952 |0 0  |1 0  |4 0  |6 372_372000000000000_MIN_2003  |7 0  |8 P  |9 379515  |a BIBEDU  |b BIBEDU  |d 2019-11-21  |i 4060482  |l 1  |o 372.372 MIN 2003  |p 4060482  |r 2022-06-14  |s 2022-06-14  |w 2019-11-21  |y BK  |k EPE